000 00233nam a2200097Ia 4500
008 190216s9999||||xx |||||||||||||| ||und||
100 _aJoseph A Schumpeter
245 0 _aSasya Samrekshanam
260 _bKerala Basha Inst
942 _cBK
999 _c37535
_d37535